000 00519nam a22001697a 4500
003 OSt
005 20240926013140.0
008 240926b |||||||| |||| 00| 0 eng d
040 _c0
082 _aDPer 050 R22 2000 January-May 2023 v123 no. 719-723
100 _aThe Editors.
_eauthor.
_961676
245 _aBeware of burnout /
_cThe Editors.
260 _aTaipei ;
_bReader's Digest Asia,
_c March 2023.
300 _aVolume 123, page 18,
_billustration.
700 _aThe Editors.
_eauthor.
_961676
942 _2ddc
_cPER
999 _c21889
_d21889